Petit bac LGBT - Statistiques

Statistiques générales
  • Ce quiz a été pris 1 498 fois
  • Le résultat moyen est 8 sur 17
Statistiques - réponses
Lettre Genre/Sexualité % Correct
B Bisexuel / Bigenre / Bispirituel / Bear
97%
A Agenre / Asexuel / Aromantique / Arace / Abrosexuel / Allosexuel / Androgyne / Apogenre / Aporagenre / Amaregenre
94%
G Gay / Genderfluid / Genderqueer / Genre neutre / Graysexuel / Genderfae / Genderfaun
82%
L Lesbienne / Lithromantique
80%
Q Queer / Quoigenre / Questionnement
68%
T Torique / Trixique / Transgenre / Trigenre
67%
P Pangenre / Pansexuel / Polyamour / Polysexuel
64%
H Homosexuel / Hypersexuel / Hyposexuel
40%
I Intersexe
39%
N Non-binaire / Neurogenre
34%
D Demi-girl / Demi-boy / Demi-genre / Demi-romantique / Demi-sexuel / Dysphorasexuel
31%
C Cisgenre / Cuir
30%
X Xenogenre
27%
O Omniasexuel / Omnisexuel
23%
M Maverique / Multisexuel
6%
F Fat fetish
1%
S Saphisme
1%
Aucun quiz correspondant
Distribution des résultats
% des personnes avec chaque résultat
Percentile par nombre de réponses
Votre historique - résultats
Vous n’avez pas pris ce quiz